Styk s rodiči v dětské ozdravovně pro předškolní děti

Bibliographic Details
Main Author: Trávníček, Mojmír (Author)
Format: Article
Language:Czech

MARC

LEADER 00000nab a2200000uu 4500
001 vtls011437707
003 SK-MaSNL
005 20260303145625.0
008 230222| xo |||||||||||||||||cze|
015 |a SNBRB 
035 |a (urnnbn)urn:nbn:sk:snk:ar-002l86 
035 |a (uuid)8c099a19-8632-4002-8564-de8226206b5d 
035 |a urn:nbn:sk:snk-abccsy 
040 |a SNKBUCL  |b slo  |c SNKBUCL  |e AACR2 
041 0 |a cze 
044 |a xo  |c SK 
100 1 |a Trávníček, Mojmír  |4 aut  |9 1168301 
245 1 0 |a Styk s rodiči v dětské ozdravovně pro předškolní děti  |c Mojmír Trávníček 
773 0 |t Predškolská výchova : pedagogický časopis pre učiteľky materských škôl  |g Roč. 26, č. 6 (1971-1972), s. 167-169 
958 |a OND 
958 |a EUIPO 
958 |a article16 
999 |c 2004161  |d 2006091